000
00216nam a22000857a 4500
008
161227b xxu||||| |||| 00| 0 eng d
100
_9
2174
_a
Frank Bros
245
_a
Joyful Living -4
260
_a
New Delhi
_b
Frank Bros
_c
2010
999
_c
5063
_d
5063